Intimate relationships, marriages, and families / (Record no. 6347)
[ view plain ]
| 000 -LEADER | |
|---|---|
| fixed length control field | 00377pam a2200121 a 4500 |
| 020 ## - ISBN | |
| International Standard Book Number | 0874848644 |
| 050 00 - LIBRARY OF CONGRESS CALL NUMBER | |
| Classification Number | HQ10.5.U6 |
| Item Number | R53 1990 |
| 100 1# - MAIN ENTRY--Author | |
| Personal name | Rice, F. Philip. |
| 245 10 - TITLE | |
| Title | Intimate relationships, marriages, and families / |
| Statement of responsibility, etc | F. Philip Rice. |
| 260 ## - PUBLICATION, DISTRIBUTION, ETC.(IMPRINT) | |
| Place of publication, distribution, etc | Mountain View, Calif. : |
| Name of publisher, distributor, etc | Mayfield Pub. Co., |
| Date of publication, distribution, etc | c1990. |
| 300 ## - PHYSICAL DESCRIPTION | |
| Extent | xxviii, 713 p., [16] p. of plates : |
| 942 ## - ADDED ENTRY ELEMENTS(KOHA) | |
| Source of classification or shelving scheme | Library of Congress Classification |
| Koha item type | General circulation |
| Source of classification or shelving scheme | Not for loan | Location (home branch) | Sublocation (holding branch) | Shelving location | Date accessioned | Full call number | Barcode | Koha item type | Public note |
|---|---|---|---|---|---|---|---|---|---|
| Library of Congress Classification | Main Campus Library | Main Campus Library | 20/07/2015 | HQ10.5.U6 R53 1990 | 2015/003631 | General circulation | amm |